000 00961nam a2200193Ii 4500
003 JO-AjNU
008 230605s9999||||xx |||||||||||||| ||und||
040 _aJO-AjNU
_bara
_erda
_cJO-AjNU
041 _aara
050 1 4 _aQA76 2016
100 3 _aاعداد رامي صبحي العزام، صهيب حسن بلال، زيد نعيم المومني، سبف احمد عنانبة؛ اشراف حسن المعيدي,
_eauthor
_958285
245 0 0 _aتطبيق جامعة عجلون الوطنية = Ajloun App
264 3 1 _aعجلون: جامعة عجلون الوطنيه، 2016
300 _a46ص
_bمشروع تخرج جامعة عجلون الوطنيه ( عجلون ، الاردن) كلية تكنولوجيا المعلومات ، 2016
336 _atext
_btxt
_2rdacontent
337 _aunmediated
_bn
_2rdamedia
338 _avolume
_bnc
_2rdacarrier
650 4 _aتطبيق جامعة عجلون الوطنية = Ajloun App = نظام حوسبة
_958286
999 _aA26166
_c29734
_d29734